Länder in ihrer Muttersprache – Kartenquiz - Statistiken

Allgemein
  • Dieses Quiz wurde 64 mal gespielt
  • Das Durchschnittsergebnis liegt bei 91 aus 196
Antworten auf der Karte
Die Antworten werden auf der Karte rot bzw. grün angezeigt, abhängig davon wie oft sie richtig erraten wurden.
 
Antwortstatistiken
Antwort % Korrekt
Australia
88%
Argentina
83%
België
80%
Brasil
80%
Bahamas
78%
Bolivia
78%
Deutschland
78%
Azərbaycan
76%
Bosna i Hercegovina
76%
Česká republika
76%
Chile
76%
Botswana
73%
Burkina Faso
73%
Canada
73%
Danmark
73%
Österreich
73%
Andorra
71%
Cabo Verde
71%
Colombia
71%
Cuba
71%
Ecuador
71%
Ísland
71%
Italia
71%
Moldova
71%
Norge
71%
España
68%
Madagasikara
68%
Malta
68%
Mexico
68%
Perú
68%
Pilipinas
68%
Polska
68%
Portugal
68%
România
68%
Tchad
68%
Belize
66%
Centrafrique
Bêafrîka
66%
Eesti
66%
Eire
66%
France
66%
Gabon
66%
Ghana
66%
Guyana
66%
Jamaica
66%
Latvija
66%
Nederland
66%
Nicaragua
66%
Niger
66%
Nigeria
66%
Panamá
66%
Papua Niugini
66%
Paraguay
66%
Rwanda
66%
São Tomé e Príncipe
66%
Suid-Afrika
66%
Türkiye
66%
United States
66%
Uruguay
66%
Venezuela
66%
Việt Nam
66%
Cameroun
63%
Côte d'Ivoire
63%
Indonesia
63%
Kenya
63%
Malawi
63%
Malaysia
63%
Mauritius
63%
Namibia
63%
Schweiz
63%
Sénégal
63%
Suriname
63%
United Kingdom
63%
Bénin
61%
Costa Rica
61%
Guinea Ecuatorial
61%
Kosova
61%
Lesotho
61%
Moçambique
61%
Monaco
61%
República Dominicana
61%
République démocratique du Congo
61%
Sverige
61%
Tanzania
61%
Türkmenistan
61%
East Timor
59%
eSwatini
59%
Guatemala
59%
Lëtzebuerg
59%
Liberia
59%
République du Congo
59%
San Salvador
59%
Slovenija
59%
Suomi
59%
Togo
59%
Uganda
59%
Zambia
59%
Guiné-Bissau
56%
Hrvatska
56%
Kiribati
56%
Lietuva
56%
Ngola
56%
Sierra Leone
56%
Singapura
56%
Slovensko
56%
Federated States
of Micronesia
54%
Guinée
54%
Honduras
54%
Palau
54%
San Marino
54%
Solomon Aelan
54%
Trinidad and
Tobago
54%
Tuvalu
54%
Zimbabwe
54%
Uburundi
51%
Vanuatu
51%
Jībūtī
49%
Magyarország
49%
Sāmoa
49%
Tonga
49%
Ελλάδα
46%
Россия
46%
Liechtenstein
46%
Barbados
44%
Antigua and
Barbuda
41%
Ayiti
41%
Saint Kitts
and Nevis
41%
Naoero
39%
Saint Vincent
and the
Grenadines
39%
Қазақстан
37%
Северна Македонија
37%
Civitas Vaticana
37%
Grenada
37%
Saint Lucia
37%
Кыргызстан
34%
Shqipëria
34%
Viti
34%
Κύπρος
32%
Україна
32%
Aotearoa
32%
Dominica
32%
Беларусь
29%
България
29%
日本
29%
Ўзбекистон
29%
조선 / 朝鮮
24%
Србија
24%
한국 / 韓國
24%
Тоҷикистон
24%
ישראל
22%
Kambiya
22%
საქართველო
20%
Црна Гора
20%
中華民國
20%
Aorōkin Ṃajeḷ
20%
Sesel
20%
Հայաստան
17%
Dzayer
17%
中华人民共和国
15%
ኢትዮጵያ
12%
မြန်မာ
12%
नेपाल
12%
الإمارات العربيّة المتّحدة
12%
বাংলাদেশ
10%
འབྲུག་ཡུལ
10%
ليبيا
10%
ދިވެހިރާއްޖެ
10%
المملكة العربية السعودية
10%
سورية
10%
ไทย, ประเทศไทย, ราชอาณาจักรไทย
10%
ᠮᠤᠩᠭᠤᠯ
ᠤᠯᠤᠰ
10%
កម្ពុជា
7%
مصر
7%
إرتريا
7%
ایران
7%
الأردن
7%
دولة الكويت
7%
عُمان
7%
پاکستان
7%
قطر
7%
ශ්‍රී ලංකාව
7%
تونس
7%
भारत
7%
Paguot
7%
افغانستان
5%
البحرين
5%
بروني
5%
جزر القمر
5%
العراق
5%
ປະເທດລາວ
5%
لبنان
5%
ߡߊ߬ߟߌ
5%
موريتانيا
5%
ⴰⵎⵔⵔⵓⴽ / ⵍⵎⵖⵔⵉⴱ
5%
الصومال
5%
السودان
5%
اليمن
5%
Keine übereinstimmenden Quizze gefunden
Verteilung der Resultate
Anzahl Personen mit jedem Resultat
Perzentil nach korrekt beantworteten Fragen
Ihre Resultats-Entwicklung
Sie haben dieses Quiz noch nicht gespielt